Broadway Musicals: Before and After Quiz Stats

 Plays Quiz Updated Oct 12, 2018

Score 0/48 Timer 05:00
2 Plays Today
Musical Before/After Word % Correct
The Sound of Music
96.8%
My FairLady
96.4%
The LionKing
94.7%
They're Playing Our Song
94.3%
She LovesMe
93.8%
The Rocky Horror Show
93.7%
42nd Street
92.9%
The MusicMan
92.5%
You're a Good Man, Charlie Brown
92%
The FullMonty
91.5%
ManhattanMary
89.8%
1600 Pennsylvania Avenue
89.7%
JerseyBoys
89.5%
All ShookUp
87.1%
I Do! I Do
85.4%
Shrek TheMusical
84.8%
The Cradle Will Rock
83.2%
Fade Out - Fade In
81%
Of Thee ISing
80.6%
FunnyGirl
78.7%
Merrily We Roll Along
77.9%
SouthPacific
76.2%
Two by Two
75.9%
The Lady inRed
75%
Musical Before/After Word % Correct
The SoulKiss
74.8%
The Woman inWhite
74%
BitterSweet
73.5%
Lovely Ladies, KindGentlemen
70.8%
FlyingHigh
69.5%
Movin' Out
66.9%
AllAmerican
66.8%
Kiss of the SpiderWoman
63.5%
The Day BeforeSpring
56.3%
A Tree Grows in Brooklyn
53.6%
Inner City
51.6%
PlayOn
47.5%
Sunday in the Park withGeorge
47.4%
Finian'sRainbow
44.3%
Ain't BroadwayGrand
41.5%
Lady BeGood
41.3%
Babes inArms
35.1%
GirlCrazy
24.9%
Bubbling BrownSugar
21%
Plain andFancy
19.9%
Jerome Robbins' Broadway
15.3%
The Tap Dance Kid
14.5%
Never GonnaDance
14.2%
Mr.Wonderful
13.8%

You're not logged in!

Compare scores with friends on all Sporcle quizzes.
OR
Log In

You Might Also Like...

Show Comments

Extras

Top Quizzes Today


Score Distribution

Your Account Isn't Verified!

In order to create a playlist on Sporcle, you need to verify the email address you used during registration. Go to your Sporcle Settings to finish the process.

Report this User

Report this user for behavior that violates our Community Guidelines.

Details: